000 00472nam a22001937a 4500
999 _c11727
_d11727
003 OSt
008 230124b ||||| |||| 00| 0 eng d
020 _a9789354242847
082 _a658.4 BIO
100 _aUHL-BIEN,Mery
245 _aOrganizational Behavior
250 _a13th Ed
260 _aNew Delhi
_bWiley
_c2021
300 _a439+MISC
650 _aOrganizational Behavior
700 _aSCHERMERHORN,John R
700 _aOSBORN,Richard N
942 _2ddc
_cREF